<?xml version="1.0" encoding="UTF-8"?>
<record
    xmlns:xsi="http://www.w3.org/2001/XMLSchema-instance"
    xsi:schemaLocation="http://www.loc.gov/MARC21/slim http://www.loc.gov/standards/marcxml/schema/MARC21slim.xsd"
    xmlns="http://www.loc.gov/MARC21/slim">

  <leader>01080nam a2200277 i 4500</leader>
  <controlfield tag="001">xx005890462</controlfield>
  <controlfield tag="003">NUKAT</controlfield>
  <controlfield tag="005">20251218122140.0</controlfield>
  <controlfield tag="008">251218s1999    pl       2   |000 0dpol c</controlfield>
  <datafield tag="035" ind1=" " ind2=" ">
    <subfield code="a">(NUKAT)xx005890462</subfield>
  </datafield>
  <datafield tag="040" ind1=" " ind2=" ">
    <subfield code="a">OLSZT 008/bak</subfield>
    <subfield code="b">pol</subfield>
    <subfield code="e">rda</subfield>
    <subfield code="c">OLSZT 008/bak</subfield>
  </datafield>
  <datafield tag="041" ind1="0" ind2=" ">
    <subfield code="a">pol</subfield>
    <subfield code="b">ger</subfield>
  </datafield>
  <datafield tag="100" ind1="1" ind2=" ">
    <subfield code="a">Wijaczka, Jacek</subfield>
    <subfield code="d">(1960- ).</subfield>
    <subfield code="e">Autor</subfield>
    <subfield code="9">11694</subfield>
  </datafield>
  <datafield tag="245" ind1="1" ind2="0">
    <subfield code="a">Jerzy Woyna-Oko&#x142;&#xF3;w :</subfield>
    <subfield code="b">&#x17C;ycie i dzia&#x142;alno&#x15B;&#x107; polityczna i ekonomiczna w ko&#x144;cu XVIII i na pocz&#x105;tku XIX wieku /</subfield>
    <subfield code="c">Jacek Wijaczka.</subfield>
  </datafield>
  <datafield tag="260" ind1=" " ind2=" ">
    <subfield code="a">Toru&#x144; :</subfield>
    <subfield code="b">Towarzystwo Naukowe,</subfield>
    <subfield code="c">1999.</subfield>
  </datafield>
  <datafield tag="300" ind1=" " ind2=" ">
    <subfield code="a">Strony [87]-100 ;</subfield>
    <subfield code="c">24 cm.</subfield>
  </datafield>
  <datafield tag="336" ind1=" " ind2=" ">
    <subfield code="a">Tekst</subfield>
    <subfield code="b">txt</subfield>
    <subfield code="2">rdacontent</subfield>
  </datafield>
  <datafield tag="337" ind1=" " ind2=" ">
    <subfield code="a">Bez urz&#x105;dzenia po&#x15B;rednicz&#x105;cego</subfield>
    <subfield code="b">n</subfield>
    <subfield code="2">rdamedia</subfield>
  </datafield>
  <datafield tag="338" ind1=" " ind2=" ">
    <subfield code="a">Wolumin</subfield>
    <subfield code="b">nc</subfield>
    <subfield code="2">rdacarrier</subfield>
  </datafield>
  <datafield tag="500" ind1=" " ind2=" ">
    <subfield code="a">Nadbitka z: Zapiski Historyczne, 1999 tom LXIV, zeszyt 3-4.</subfield>
  </datafield>
  <datafield tag="500" ind1=" " ind2=" ">
    <subfield code="a">Adres wydawniczy zgodny ze &#x17A;r&#xF3;d&#x142;em nadbitki.</subfield>
  </datafield>
  <datafield tag="546" ind1=" " ind2=" ">
    <subfield code="a">Streszczenie w j&#x119;zyku niemieckim.</subfield>
  </datafield>
  <datafield tag="600" ind1="1" ind2="7">
    <subfield code="a">Oko&#x142;&#xF3;w, Jerzy</subfield>
    <subfield code="d">(1760?-1828).</subfield>
    <subfield code="2">kaba</subfield>
    <subfield code="9">27874</subfield>
  </datafield>
  <datafield tag="710" ind1="2" ind2=" ">
    <subfield code="a">Towarzystwo Naukowe (Toru&#x144;).</subfield>
    <subfield code="e">Wydawca</subfield>
    <subfield code="4">pbl</subfield>
    <subfield code="9">891</subfield>
  </datafield>
  <datafield tag="942" ind1=" " ind2=" ">
    <subfield code="2">ddc</subfield>
    <subfield code="c">BK_NM</subfield>
  </datafield>
  <datafield tag="999" ind1=" " ind2=" ">
    <subfield code="c">26184</subfield>
    <subfield code="d">26184</subfield>
  </datafield>
  <datafield tag="952" ind1=" " ind2=" ">
    <subfield code="0">0</subfield>
    <subfield code="1">0</subfield>
    <subfield code="2">ddc</subfield>
    <subfield code="4">0</subfield>
    <subfield code="7">0</subfield>
    <subfield code="8">K_mag</subfield>
    <subfield code="a">BIP</subfield>
    <subfield code="b">BIP</subfield>
    <subfield code="d">2025-12-04</subfield>
    <subfield code="e">K-7/2025 (prot.37)</subfield>
    <subfield code="f">K</subfield>
    <subfield code="i">73449</subfield>
    <subfield code="l">0</subfield>
    <subfield code="o">73449</subfield>
    <subfield code="p">IPWK21019</subfield>
    <subfield code="r">2025-12-18 12:22:31</subfield>
    <subfield code="v">4.00</subfield>
    <subfield code="w">2025-12-18</subfield>
    <subfield code="y">BK_NM</subfield>
  </datafield>
</record>
